Chemical and scanning electron microscopy studies on fatigue failure of natural rubber vulcanizates (Record no. 50932)

MARC details
000 -LEADER
fixed length control field 00535nam a2200181Ia 4500
100 ## - MAIN ENTRY--AUTHOR NAME
Personal name Mathew N.M.
245 #0 - TITLE STATEMENT
Title Chemical and scanning electron microscopy studies on fatigue failure of natural rubber vulcanizates
260 ## - PUBLICATION, DISTRIBUTION, ETC. (IMPRINT)
Name of publisher Rubber Chemistry and Technology
Year of publication 1982
300 ## - PHYSICAL DESCRIPTION
Number of Pages 51-61
650 ## - SUBJECT ADDED ENTRY--TOPICAL TERM
Topical Term Natural rubber
650 ## - SUBJECT ADDED ENTRY--TOPICAL TERM
Topical Term Scanning electron microscopy
650 ## - SUBJECT ADDED ENTRY--TOPICAL TERM
Topical Term Tear fracture
650 ## - SUBJECT ADDED ENTRY--TOPICAL TERM
Topical Term Vulcanizate
700 ## - ADDED ENTRY--PERSONAL NAME
Personal name Bhowmick A.K.
700 ## - ADDED ENTRY--PERSONAL NAME
Personal name De S.K.
942 ## - ADDED ENTRY ELEMENTS (KOHA)
Koha item type Bibliography STAF
Holdings
Withdrawn status Lost status Damaged status Not for loan Home library Current library Shelving location Date acquired Serial Enumeration / chronology Koha item type
      Bibliography RRII Library RRII Library Rubber chemistry 09/04/2014 Volume 55, Issue Bibliography STAF